Sentencias y autos dictados por la sala sexta (militar) del Tribunal Supremo y publicadas en la Gaceta de Madrid / (Record no. 188455)

MARC details
000 -LEADER
campo de control de longitud fija 00770nas a2200229 i 4500
001 - NÚMERO DE CONTROL
campo de control 188455
003 - IDENTIFICADOR DE NÚMERO DE CONTROL
campo de control ES-MaACL
005 - FECHA Y HORA DE LA ÚLTIMA TRANSACCIÓN
campo de control 20250217134928.0
008 - DATOS DE LONGITUD FIJA--INFORMACIÓN GENERAL
campo de control de longitud fija 181023d1931193usp | | ||pa d
022 ## - NÚMERO INTERNACIONAL NORMALIZADO PARA PUBLICACIONES SERIADAS
Número Internacional Normalizado para Publicaciones Seriadas 2484-5574
080 ## - NÚMERO DE LA CLASIFICACIÓN DECIMAL UNIVERSAL
Número de la Clasificación Decimal Universal 34(460)(094.9)
110 2# - ENTRADA PRINCIPAL--NOMBRE DE ENTIDAD CORPORATIVA
Nombre de entidad corporativa o nombre de jurisdicción como elemento de entrada España.
Unidad subordinada Tribunal Supremo.
-- Sala Sexta (Militar)
9 (RLIN) 165578
245 10 - MENCIÓN DEL TÍTULO
Título Sentencias y autos dictados por la sala sexta (militar) del Tribunal Supremo y publicadas en la Gaceta de Madrid /
Mención de responsabilidad, etc. Tribunal Supremo.
260 ## - PUBLICACIÓN, DISTRIBUCIÓN, ETC.
Lugar de publicación, distribución, etc. Madrid :
Nombre del editor, distribuidor, etc. Sucs. de Rivadeneyra,
Fecha de publicación, distribución, etc. 1931-[193-?]
300 ## - DESCRIPCIÓN FÍSICA
Extensión 1 v. ;
Dimensiones 31 cm.
310 ## - PERIODICIDAD ACTUAL
Periodicidad actual Irregular
362 0# - FECHAS DE PUBLICACIÓN Y/O DESIGNACIÓN SECUENCIAL
Fecha de publicación y/o designación secuencial (1931)-(193?)
650 #4 - PUNTO DE ACCESO ADICIONAL DE MATERIA--TÉRMINO DE MATERIA
Término de materia o nombre geográfico como elemento de entrada Derecho militar-
Subdivisión geográfica España-
Subdivisión de forma Jurisprudencia.
9 (RLIN) 165579
852 ## - LOCALIZACIÓN
Ubicación ES-MaACL
Número de control de estantería Hem-370
866 #0 - MENCIÓN TEXTUAL DE FONDOS--UNIDAD BIBLIOGRÁFICA BÁSICA
Fondos 1931.
Holdings
Estatus retirado Estado de pérdida Estado de daño No para préstamo Colección Biblioteca de origen Biblioteca actual Ubicación en estantería Fecha de adquisición Fuente de adquisición Total de préstamos Signatura topográfica completa Código de barras Visto por última vez Precio de reemplazo Tipo de ítem Koha
        Periódicos y Revistas Biblioteca del Ateneo de Madrid Biblioteca del Ateneo de Madrid Depósito 1 23/10/2018     Hem-370 1199359 23/02/2023 23/02/2023 Revista